000 01270nam0a22003011 4500
001 v19\rc\1244431
005 20260406182448.0
035 _a(NLR Aleph) 004401817
090 _a3888876
_c3888876
100 _a20060306d1887 |||y0rusy50 ca
101 0 _arus
102 _aRU
105 _ay z |||||
200 1 _aРаботы Лаборатории Министерства финансов за 1870-1882 г.
_fСост. Н. Иосса
210 _aСанкт-Петербург
_d1887
215 _a222 с.
_d27
300 _aПоследняя стр. ошибочно помечена: 122
311 _aПрил. к Горн. журн. 1886 г.
316 _aЭкз. РНБ (70-7/248): с автогр. авт.
_5NLR: 70-7/248
422 0 _12001#$aГорный журнал$v1886
_tГорный журнал
532 1 1 _aРаботы Лаборатории Министерства финансов за тысяча восемьсот семидесятый - 1882 г.
702 1 _aИосса
_bН.
_4220
710 0 1 _aРоссия
_bМинистерство финансов
_bЛаборатория
_3RU\NLR\AUTH\889947527
_9390692
801 0 _aRU
_bNLR
_gpsbo
801 1 _aRU
_bProSoft-M
_2rusmarc
852 _aNLR
_j70-7/248
942 _cBOOK
980 _aNB